000 02353nam0a2200385 4500
001 RU\NLR\BIBL_A\012501818
005 20211011165018.0
010 _a978-5-88814-770-2
_9500
021 _aRU
_bКН-П-20-080102
_9КН-П-20-6075
035 _a(NLR Aleph) 012501818
035 _a(RuMoRGB)010513895
090 _a12233584
_c12233584
100 _a20210412d2016 u y0rusy50 ca
101 0 _arus
102 _aRU
105 _aa|||j|||010zy
181 0 _ai3
_baxxe
182 0 _an
200 1 _aВолоконно-оптические системы передачи
_eучебное пособие
_eдля студентов, обучающихся по специальности "Системы обеспечения движения поездов" (специализация "Телекоммуникационные стстемы и сети железнодорожного транспорта")
_fВ.В. Крухмалев, А.Д. Моченов, А.А. Ячменов
_gРосжелдор, Федеральное государственное бюджетное образовательное учреждение высшего образования "Ростовский государственный университет путей сообщения" (ФГБОУ ВО РГУПС)
203 _aТекст
_bвизуальный
_cнепосредственный
210 _aРостов-на-Дону
_cФГБОУ ВО РГУПС
_d2016
215 _a298, [1] с.
_cил., табл.
_d21
300 _aНа обл.: Навстречу 90-летию РГУПС
320 _aБиблиогр.: с. 297-298 (34 назв.)
606 1 _aВолоконно-оптические линии связи
_jУчебные издания для высших учебных заведений
_xСистемы
_92281619
_3RU\NLR\AUTH\661366948
610 0 _aволоконно-оптическая связь
686 1 _aЗ889.79я73-1
700 1 _aКрухмалев
_bВ. В.
_gВладимир Васильевич
701 1 _aМоченов
_bА. Д.
_gАнатолий Дмитриевич
701 1 _aЯчменов
_bА. А.
_gАлексей Александрович
942 _cBOOK
980 _aNBR
980 _aNB